000 00356nam a2200157Ia 4500
001 14575
005 20250626030539.0
008 211022s9999 xx 000 0 und d
082 _a973.9 YEE
100 _aCaptain James Yousuf Yee
245 0 _aGuantana mobaiti
260 _aKarachi
260 _bTawaqal Academy
300 _a289 pages
942 _cBK
999 _c10328
_d10328